| 000 | 00568nam a2200229Ia 4500 | ||
|---|---|---|---|
| 003 | OSt | ||
| 005 | 20220624152459.0 | ||
| 008 | 210210b2009 xxu||||| |||| 00| 0 eng d | ||
| 020 | _a9788182092457 | ||
| 040 | _cAL | ||
| 041 | _aeng | ||
| 082 | _a576 ANAT | ||
| 100 |
_aANANTHANARAYAN (R) _945082 |
||
| 245 | _aTextbook of microbiology | ||
| 250 | _a8 | ||
| 260 |
_aHyderabad _bUniversities Press (India) Limited _c2009 |
||
| 300 | _ax,746 | ||
| 690 |
_aMicrobiology _945083 |
||
| 700 |
_aPANIKER (Jayaram C K) _945084 |
||
| 906 | _a065249 | ||
| 942 |
_2ddc _cBK |
||
| 999 |
_c142460 _d142460 |
||